Indian economy (Record no. 396316)

MARC details
000 -LEADER
fixed length control field 00523 a2200205 4500
005 - DATE & TIME
control field 20260226112648.0
008 - FIXED-LENGTH DATA ELEMENTS--GENERAL INFORMATION
fixed length control field 260226b |||||||| |||| 00| 0 eng d
020 ## - ISBN
International Standard Book Number 9789358704815
Price Rs. 799.00
040 ## - CATALOGING SOURCE
Original cataloging agency VIVEKANANDA LIBRARY
082 ## - DDC NUMBER
Classification number 330.954
Book Number D262I
100 ## - MAIN ENTRY--PERSONAL NAME
Personal name Datt, Gaurav
245 ## - TITLE STATEMENT
Title Indian economy
260 ## - PUBLICATION, DISTRIBUTION, ETC. (IMPRINT)
Name of publisher, distributor, etc S Chand
Date of publication, distribution, etc 2025
Place of publication, distribution, etc New Delhi
300 ## - PHYSICAL DESCRIPTION
Pages xx, 755
650 ## - Subject
Subject Economics- India
650 ## - Subject
Subject India- Economic Policy
650 ## - Subject
Subject Economic Development- India
700 ## - Added Entry Personal Name
Added Entry Personal Name Nag, Biswajit
942 ## - ADDED ENTRY ELEMENTS (KOHA)
Koha item type Books
Holdings
Withdrawn status Lost status Source of classification or shelving scheme Damaged status Not for loan Location (home branch) Sublocation or collection (holding branch) Shelving location Date acquired Koha issues (times borrowed) Koha full call number Accession No. Koha date last seen Koha item type
    Dewey Decimal Classification     VIVEKANANDA LIBRARY VIVEKANANDA LIBRARY Law Library 19/02/2026   330.954 D262I 377965 19/02/2026 Books
    Dewey Decimal Classification     VIVEKANANDA LIBRARY VIVEKANANDA LIBRARY Law Library 19/02/2026   330.954 D262I 377966 19/02/2026 Books
© Designed and Maintained by Vivekananda Library, MDU Rohtak